نقو ش جا و د ا ن (Record no. 92374)

MARC details
000 -LEADER
fixed length control field 00658nam a22002177a 4500
005 - DATE AND TIME OF LATEST TRANSACTION
control field 20150320160858.0
008 - FIXED-LENGTH DATA ELEMENTS--GENERAL INFORMATION
fixed length control field 150320b xxu||||| |||| 00| 0 eng d
010 ## - LCCN (DPL NO)
LC control number UR-8757
020 q# - INTERNATIONAL STANDARD BOOK NUMBER
Terms of availability 280.00
035 ## - SYSTEM CONTROL NUMBER
System control number U-7312
037 ## - SOURCE OF ACQUISITION
Source of stock number/acquisition DBAD/Pub.
040 ## - CATALOGING SOURCE
Original cataloging agency DPL
Language of cataloging Urdu
082 ## - DEWEY DECIMAL CLASSIFICATION NUMBER
Classification number 840.8
100 ## - MAIN ENTRY--PERSONAL NAME
Personal name کبير ا حمد جا ءسی
245 ## - TITLE STATEMENT
Title نقو ش جا و د ا ن
Remainder of title کبير ا حمد جا ءسی
246 ## - VARYING FORM OF TITLE
Title proper/short title Naqush-e-Jawadan
Remainder of title BYProf. Kabir Ahmad Jaeysi
260 ## - PUBLICATION, DISTRIBUTION, ETC. (IMPRINT)
Place of publication, distribution, etc Azamgarh U.P.
Name of publisher, distributor, etc Shababuddin
Date of publication, distribution, etc 2013
270 ## - ADDRESS
Address 18,Baradari, Raja Qeela Azamgarh
300 ## - PHYSICAL DESCRIPTION
Extent 192ص
Other physical details 22Cm.(Pb.)
942 ## - ADDED ENTRY ELEMENTS (KOHA)
Source of classification or shelving scheme Dewey Decimal Classification
Item type Urdu Bks
Classification part 840.8
Call number suffix ک ب ی
Holdings
Withdrawn status Lost status Source of classification or shelving scheme Damaged status Not for loan Collection code Home library Current library Date acquired Source of acquisition Cost, normal purchase price Total Checkouts Full call number Barcode Date last seen Copy number Cost, replacement price Koha item type
    Dewey Decimal Classification   Not For Loan Non-fiction D.B.Act.Division D.B.Act.Division 20/03/2015 DBAD/Pub. 280.00   840.8 ک ب ی U-7312 20/03/2015 1 280.00 Urdu Bks

© Delhi Public Library
Hit Counter
free hit counter